| 000 | 00522nam a2200205Ia 4500 | ||
|---|---|---|---|
| 005 | 20250122004424.0 | ||
| 008 | 240331s9999 xx 000 0 und d | ||
| 020 | _a0704339072 | ||
| 082 |
_bDWO _23565 _a305.4 |
||
| 100 | _aDworkin, A | ||
| 245 | 0 |
_aRight-Wing Women: _bThe Politics of Domesticated Females |
|
| 260 |
_aLondon _bThe Women's Press Ltd _c1983 |
||
| 300 | _axiv, 254 p., | ||
| 650 | _aRight-wing | ||
| 650 | _aPolitics | ||
| 650 | _aWomen | ||
| 650 | _aAbortion | ||
| 650 | _aAntifeminism | ||
| 942 | _cL | ||
| 999 |
_c1641 _d1641 |
||